000 00543nam a2200181Ia 4500
008 240925s9999 xx 000 0 und d
020 _a817758569x
082 _a004.67 STA
100 _aStallings, William
245 0 _aHigh-Speed Networks and Internets: performance and quality of service
250 _a2nd
260 _aNew Delhi:
_bDorling Kinderslo
_c,2006.
300 _axxxiv,973p.
_bNA
_fPhotocopy
500 _aIncludes Index
600 _aComputer Science
650 _aComputer science, information & general works
942 _cBK
999 _c9610
_d9610